| 000 | 00364nam a2200145Ia 4500 | ||
|---|---|---|---|
| 008 | 230917s9999||||xx |||||||||||||| ||und|| | ||
| 040 |
_e40812 _aMAIN |
||
| 041 | _aEnglish | ||
| 082 | _a823.09 M279C | ||
| 100 | _aMahood, M M | ||
| 245 | 0 | _aColonial encounter: A reading of six novels | |
| 260 |
_aLondon _bRex Collings _c1977 |
||
| 300 | _a211 p. | ||
| 942 | _cBK | ||
| 999 |
_c228078 _d228078 |
||